Death in Hamburg : society and politics in the cholera years, 1830-1910 /

Bibliographic Details
Main Author: Evans, Richard J.
Format: Book
Language:English
Published: Oxford [Oxfordshire] : Oxford [Oxfordshire] ; New York : Clarendon Press ; Oxford University Press, 1987.
Subjects:

MARC

Tag First Indicator Second Indicator Subfields
LEADER 00000cam a2200000 a 4500
001 in00000015943
005 20151007052635.0
008 870217s1987 enkaf bs 00110 eng
010 |a  87005556  
020 |a 0198228643 :  |c $60.00 (U.S.) 
035 |a (OCoLC)15281815 
035 |9 AAA8626AM 
040 |a DLC  |c DLC  |d TXA  |d UtOrBLW 
043 |a e-gw--- 
049 |a TXAM  |c [A11056566] 
050 0 0 |a HN458.H3  |b E95 1987 
082 0 |a 304.2/7/0943515  |2 19 
100 1 |a Evans, Richard J. 
245 1 0 |a Death in Hamburg :  |b society and politics in the cholera years, 1830-1910 /  |c Richard J. Evans. 
264 1 |a Oxford [Oxfordshire] :  |b Clarendon Press ;  |a Oxford [Oxfordshire] ;  |a New York :  |b Oxford University Press,  |c 1987. 
300 |a xxii, 676 pages, 16 unnumbered pages of plates :  |b illustrations ;  |c 24 cm. 
336 |a text  |b txt  |2 rdacontent 
337 |a unmediated  |b n  |2 rdamedia 
338 |a volume  |b nc  |2 rdacarrier 
504 |a Bibliography: pages [595]-625. 
500 |a Includes index. 
651 0 |a Hamburg (Germany)  |x Social conditions. 
650 0 |a Cholera  |z Germany  |z Hamburg  |x History  |y 19th century. 
999 |a MARS 
999 f f |s c318644f-144d-370c-b672-71cf7a26b2bf  |i 8fe402a6-b910-3600-b124-274a84e60720  |t 0 
952 f f |p ric  |a Texas A&M University  |b Rellis Campus  |c Joint Library Facility  |d Remote Storage  |t 0  |e HN458.H3 E95 1987  |h Library of Congress classification  |i unmediated -- volume  |m A14811056566 
998 f f |a HN458.H3 E95 1987  |t 0  |l Remote Storage